00480nam a2200145Ia 4500008004100000041000800041082001400049100002000063245004000083260002800123300003300151365001100184999001700195952012200212240624s9999 xx 000 0 und d aeng a658.3 TRU aTRUSS CAHTERINE aSTRATEGIC HUMAN RESOURCE MANAGEMENT c2014aNew DelhibOxford axxiii, : 357 : p. : cm. ; 26 cRSb31 c24964d24964 00104070aIMTNbIMTNcRack 23-Bd2015-10-01eWBDg1650.00o658.3 TRUp24964r2024-06-24 00:00:00t1w2024-06-24yBK